Distribution of major diseases of rubber in Indonesia (Record no. 57295)

MARC details
000 -LEADER
fixed length control field 00446nam a2200145Ia 4500
100 ## - MAIN ENTRY--AUTHOR NAME
Personal name Soekirman P
245 #0 - TITLE STATEMENT
Title Distribution of major diseases of rubber in Indonesia
260 ## - PUBLICATION, DISTRIBUTION, ETC. (IMPRINT)
Name of publisher In: Prosidings of the Lokakarya Nasional Pemuliaan Tanaman Karet, Medan 1992; p209-216
650 ## - SUBJECT ADDED ENTRY--TOPICAL TERM
Topical Term Indonesia
650 ## - SUBJECT ADDED ENTRY--TOPICAL TERM
Topical Term Rubber disease
700 ## - ADDED ENTRY--PERSONAL NAME
Personal name Situmorang A
700 ## - ADDED ENTRY--PERSONAL NAME
Personal name Soepena Harmidi
942 ## - ADDED ENTRY ELEMENTS (KOHA)
Koha item type Journals
Holdings
Withdrawn status Lost status Damaged status Not for loan Home library Current library Shelving location Date acquired Koha item type
      Journals RRII Library RRII Library Pathology 17/12/2021 Journals